[Event "BL2-West 1213"]
[Site "Germany"]
[Date "2013.02.24"]
[Round "7.7"]
[White "Kollen, Zyon"]
[Black "Swinkels, Maurice"]
[Result "1-0"]
[WhiteElo "2170"]
[BlackElo "2126"]
[PlyCount "85"]
[EventDate "2012.10.14"]
[EventType "team-tourn"]
[EventRounds "9"]
[EventCountry "GER"]
[SourceTitle "CBM 154 Extra"]
[Source "ChessBase"]
[SourceDate "2013.06.25"]
[SourceVersion "2"]
[SourceVersionDate "2013.06.25"]
[SourceQuality "1"]
[WhiteTeam "Nordhorn Blanke"]
[BlackTeam "Aachen Aufwaerts"]
[WhiteTeamCountry "GER"]
[BlackTeamCountry "GER"]

1. e4 c5 2. Nf3 d6 3. d4 cxd4 4. Nxd4 Nf6 5. Nc3 Nc6 6. Bg5 e6 7. Qd2 Be7 8. 0-0-0 0-0 9. f3 a6 10. h4 Nxd4 11. Qxd4 Qa5 12. Kb1 Rd8 13. Qd2 Qc7 14. h5 b5 15. h6 g6 16. Qf4 Ne8 17. Bxe7 Qxe7 18. Be2 b4 19. Na4 Qc7 20. e5 Qa5 21. b3 Bd7 22. exd6 Bxa4 23. bxa4 e5 24. Rh5 Rxd6 25. Rxd6 Nxd6 26. Rxe5 Qd8 27. Rd5 Qe7 28. Qxd6 Qxe2 29. Qf6 Qe1+ 30. Kb2 Qc3+ 31. Qxc3 bxc3+ 32. Kxc3 Kf8 33. Rd7 Rc8+ 34. Kd3 Rc5 35. Rd8+ Ke7 36. Rh8 Kf6 37. Rxh7 Rc8 38. f4 Rf8 39. g4 g5 40. Rg7 gxf4 41. Ke4 Rh8 42. g5+ Ke6 43. Kxf4 1-0

[Event "Mittelrhein Verbandsliga-W 1112"]
[Site "Germany"]
[Date "2012.04.15"]
[Round "9.3"]
[White "Rache, Ralf"]
[Black "Swinkels, Maurice"]
[Result "1/2-1/2"]
[WhiteElo "1955"]
[BlackElo "2104"]
[PlyCount "82"]
[EventDate "2011.09.18"]
[EventType "team-tourn"]
[EventRounds "11"]
[EventCountry "GER"]
[SourceTitle "EXT 2013"]
[Source "ChessBase"]
[SourceDate "2012.11.22"]
[SourceVersion "1"]
[SourceVersionDate "2012.11.22"]
[SourceQuality "1"]
[WhiteTeam "Aachen II"]
[BlackTeam "Aachen Aufwaerts II"]
[WhiteTeamCountry "GER"]
[BlackTeamCountry "GER"]

1. e4 c5 2. Nf3 d6 3. d4 cxd4 4. Nxd4 Nf6 5. Nc3 Nc6 6. Bc4 e6 7. Bb3 Be7 8. Be3 0-0 9. Qe2 Bd7 10. 0-0-0 Qa5 11. Rhg1 Nxd4 12. Bxd4 b5 13. g4 b4 14. Nb1 Bb5 15. Qe1 Bc6 16. f3 Nd7 17. Nd2 Qc7 18. f4 Nc5 19. g5 Nxb3+ 20. Nxb3 e5 21. f5 exd4 22. f6 Rfc8 23. fxe7 d3 24. cxd3 Qxe7 25. Kb1 a5 26. Nd4 Bd7 27. Qd2 Rab8 28. Rdf1 Qe5 29. Nf3 Qb5 30. Nd4 Qe5 31. Nf3 Qe7 32. Nd4 a4 33. Rc1 Rc5 34. h4 Qe5 35. Nf3 Rxc1+ 36. Qxc1 Qb5 37. Qc4 Qb6 38. Qd4 Bb5 39. Rd1 Qc5 40. Qxc5 dxc5 41. Ne5 Rd8 1/2-1/2

[Event "Mittelrhein Verbandsliga-W 1112"]
[Site "Germany"]
[Date "2011.12.11"]
[Round "4.2"]
[White "Swinkels, Maurice"]
[Black "Schmitz, Juergen"]
[Result "1-0"]
[WhiteElo "2104"]
[BlackElo "1909"]
[PlyCount "63"]
[EventDate "2011.09.18"]
[EventType "team-tourn"]
[EventRounds "11"]
[EventCountry "GER"]
[SourceTitle "EXT 2013"]
[Source "ChessBase"]
[SourceDate "2012.11.22"]
[SourceVersion "1"]
[SourceVersionDate "2012.11.22"]
[SourceQuality "1"]
[WhiteTeam "Aachen Aufwaerts II"]
[BlackTeam "Wuerselen II"]
[WhiteTeamCountry "GER"]
[BlackTeamCountry "GER"]

1. e4 Nf6 2. e5 Nd5 3. c4 Nb6 4. d4 d6 5. f4 dxe5 6. fxe5 Bf5 7. Nc3 Nc6 8. Be3 e6 9. Be2 Na5 10. Nf3 Be7 11. 0-0 0-0 12. b3 h6 13. a3 Nc6 14. Qd2 a5 15. d5 Nb8 16. Nd4 Bh7 17. dxe6 f6 18. exf6 Bxf6 19. Rad1 Qe7 20. c5 Qxc5 21. Nf5 Qxa3 22. Nxh6+ Kh8 23. Nf7+ Kg8 24. Rxf6 gxf6 25. Bd4 Rxf7 26. exf7+ Kxf7 27. Qh6 Bg6 28. Bh5 Bxh5 29. Qxf6+ Ke8 30. Re1+ Kd7 31. Qe6+ Kd8 32. Bf6+ 1-0

[Event "Mittelrhein Verbandsliga-W 1112"]
[Site "Germany"]
[Date "2011.11.13"]
[Round "3.2"]
[White "Liethen, Alexander"]
[Black "Swinkels, Maurice"]
[Result "1-0"]
[WhiteElo "2008"]
[BlackElo "2104"]
[PlyCount "59"]
[EventDate "2011.09.18"]
[EventType "team-tourn"]
[EventRounds "11"]
[EventCountry "GER"]
[SourceTitle "EXT 2013"]
[Source "ChessBase"]
[SourceDate "2012.11.22"]
[SourceVersion "1"]
[SourceVersionDate "2012.11.22"]
[SourceQuality "1"]
[WhiteTeam "Brauweiler Rochade"]
[BlackTeam "Aachen Aufwaerts II"]
[WhiteTeamCountry "GER"]
[BlackTeamCountry "GER"]

1. e4 c5 2. Nf3 d6 3. c4 Nc6 4. d4 cxd4 5. Nxd4 Nf6 6. Nc3 Nxd4 7. Qxd4 g6 8. h3 Bg7 9. Qe3 0-0 10. g4 Be6 11. Nd5 b5 12. Nxf6+ Bxf6 13. cxb5 d5 14. e5 d4 15. Qg3 Qd5 16. Bg2 Qxb5 17. exf6 Rac8 18. a4 Qb4+ 19. Bd2 Qxb2 20. Qa3 Qb8 21. 0-0 exf6 22. Rab1 Qc7 23. Rbc1 Qd7 24. Rxc8 Rxc8 25. Rd1 Rc4 26. Be3 Rxa4 27. Qb2 d3 28. Qxf6 Bb3 29. Bh6 Qd4 30. Qe7 1-0

[Event "Dieren op"]
[Site "Dieren"]
[Date "2011.07.21"]
[Round "3"]
[White "Goudriaan, Etienne"]
[Black "Swinkels, Maurice"]
[Result "1-0"]
[WhiteElo "2283"]
[BlackElo "2102"]
[PlyCount "57"]
[EventDate "2011.07.19"]
[EventType "swiss"]
[EventRounds "9"]
[EventCountry "NED"]
[SourceTitle "CBM 143 Extra"]
[Source "ChessBase"]
[SourceDate "2011.08.29"]
[SourceVersion "1"]
[SourceVersionDate "2011.08.29"]
[SourceQuality "1"]

1. e4 c5 2. Nf3 d6 3. d4 cxd4 4. Nxd4 Nf6 5. Nc3 Nc6 6. Bg5 e6 7. Qd2 Be7 8. 0-0-0 0-0 9. f4 Nxd4 10. Qxd4 Qa5 11. Bc4 Bd7 12. e5 dxe5 13. fxe5 Bc6 14. Bd2 Nd7 15. Nd5 Qd8 16. Nxe7+ Qxe7 17. Kb1 a5 18. Rhe1 b5 19. Bf1 Rfc8 20. Re3 b4 21. Bd3 Bd5 22. Rg3 Nf8 23. h4 Qc5 24. Qg4 g6 25. Rf1 Bc4 26. Qf3 Rc7 27. Be3 Qb5 28. Bh6 Bxd3 29. cxd3 1-0

[Event "Muensterland op 28th"]
[Site "Senden"]
[Date "2010.10.21"]
[Round "7"]
[White "Swinkels, Maurice"]
[Black "Wewers, Reinhard"]
[Result "0-1"]
[WhiteElo "2060"]
[BlackElo "2179"]
[PlyCount "52"]
[EventDate "2010.10.16"]
[EventType "swiss"]
[EventRounds "9"]
[EventCountry "GER"]
[SourceTitle "CBM 138 Extra"]
[Source "ChessBase"]
[SourceDate "2010.10.29"]
[SourceVersion "1"]
[SourceVersionDate "2010.10.29"]
[SourceQuality "1"]

1. e4 c5 2. Nf3 e6 3. d4 cxd4 4. Nxd4 a6 5. Nc3 Qc7 6. Be2 Nf6 7. 0-0 d6 8. Be3 b5 9. f4 b4 10. Nb1 Nxe4 11. Bf3 d5 12. f5 e5 13. Bxe4 dxe4 14. Qg4 exd4 15. Qxe4+ Be7 16. Bxd4 Bb7 17. Qg4 Nc6 18. Bxg7 Bc5+ 19. Kh1 0-0-0 20. Bxh8 Rxh8 21. Nd2 h5 22. Qg7 Rd8 23. Nf3 Nd4 24. Rad1 Nxf3 25. Rxd8+ Qxd8 26. gxf3 Bxf3+ 0-1

[Event "Enschede op-B U16"]
[Site "Enschede"]
[Date "2009.08.07"]
[Round "9"]
[White "Rauw, Gert Jan"]
[Black "Swinkels, Maurice"]
[Result "1-0"]
[WhiteElo "2125"]
[BlackElo "1888"]
[PlyCount "59"]
[EventDate "2009.08.03"]
[EventType "swiss"]
[EventRounds "9"]
[EventCountry "NED"]
[SourceTitle "CBM 132 Extra"]
[Source "ChessBase"]
[SourceDate "2009.11.03"]
[SourceVersion "1"]
[SourceVersionDate "2009.11.03"]
[SourceQuality "1"]

1. e4 c5 2. Nf3 d6 3. d4 cxd4 4. Nxd4 Nf6 5. Nc3 Nc6 6. Bc4 e6 7. Be3 Be7 8. Qe2 0-0 9. 0-0-0 Qc7 10. Bb3 a6 11. g4 b5 12. g5 Ne8 13. Qh5 b4 14. Nce2 a5 15. Rhg1 a4 16. Bc4 Ne5 17. Bd3 Nxd3+ 18. Rxd3 Ba6 19. Rd2 Bc4 20. Kb1 Qb7 21. Rg4 b3 22. cxb3 axb3 23. a3 d5 24. Rh4 h6 25. gxh6 g6 26. h7+ Kh8 27. Qh6 Ng7 28. Nf5 exf5 29. Bd4 f6 30. Nf4 1-0

[Event "Enschede op-B U16"]
[Site "Enschede"]
[Date "2009.08.05"]
[Round "5"]
[White "Slagter, David"]
[Black "Swinkels, Maurice"]
[Result "1/2-1/2"]
[WhiteElo "1986"]
[BlackElo "1888"]
[PlyCount "46"]
[EventDate "2009.08.03"]
[EventType "swiss"]
[EventRounds "9"]
[EventCountry "NED"]
[SourceTitle "CBM 132 Extra"]
[Source "ChessBase"]
[SourceDate "2009.11.03"]
[SourceVersion "1"]
[SourceVersionDate "2009.11.03"]
[SourceQuality "1"]

1. e4 c5 2. Nf3 d6 3. d4 cxd4 4. Nxd4 Nf6 5. Nc3 Nc6 6. Bg5 e6 7. Qd2 Be7 8. 0-0-0 0-0 9. f4 Nxd4 10. Qxd4 Qa5 11. Bc4 Bd7 12. e5 dxe5 13. fxe5 Bc6 14. h4 Rfd8 15. Qf4 Nh5 16. Qg4 Bxg5+ 17. Qxg5 g6 18. Rhf1 b5 19. g4 Rxd1+ 20. Rxd1 Ng7 21. Bd3 Rd8 22. Be4 Rxd1+ 23. Kxd1 Qb6 1/2-1/2

[Event "NED-ch U17"]
[Site "Venlo"]
[Date "2009.05.02"]
[Round "9"]
[White "Swinkels, Maurice"]
[Black "Faber, Jort"]
[Result "0-1"]
[WhiteElo "1972"]
[BlackElo "1840"]
[PlyCount "160"]
[EventDate "2009.04.24"]
[EventType "swiss"]
[EventRounds "9"]
[EventCountry "NED"]
[SourceTitle "EXT 2013"]
[Source "ChessBase"]
[SourceDate "2012.11.22"]
[SourceVersion "1"]
[SourceVersionDate "2012.11.22"]
[SourceQuality "1"]

1. e4 c5 2. Nf3 Nc6 3. d4 cxd4 4. Nxd4 Nf6 5. Nc3 d6 6. Bg5 Bd7 7. Qd2 Nxd4 8. Qxd4 Qa5 9. f4 h6 10. Bh4 Rc8 11. Be2 Qc5 12. 0-0-0 Qxd4 13. Rxd4 Bc6 14. e5 dxe5 15. fxe5 Nd7 16. e6 fxe6 17. Bh5+ Kd8 18. Bg3 g6 19. Bxg6 Bg7 20. Rd2 Bxc3 21. bxc3 Bd5 22. Re1 Rxc3 23. Kb2 Rc6 24. Bd3 Nb6 25. Bb5 Rc5 26. a4 a6 27. Rxe6 Rxb5+ 28. Kc1 Nxa4 29. c4 Kd7 30. Re5 Rc8 31. Rexd5+ Rxd5 32. Rxd5+ Ke6 33. Re5+ Kf7 34. Re4 Nb6 35. Rf4+ Ke8 36. Kb2 Nxc4+ 37. Kb3 Ne3 38. Rf2 Nd5 39. Rf5 Ne3 40. Re5 Ng4 41. Rh5 Rc6 42. h3 Ne3 43. Re5 Nc4 44. Rh5 Kf7 45. Bf4 Kg7 46. g3 b5 47. h4 Rg6 48. Kb4 e5 49. Bxe5+ Nxe5 50. Rxe5 Rxg3 51. h5 Rg4+ 52. Kb3 Kf6 53. Rc5 Rc4 54. Rd5 Ke6 55. Rd1 Rc5 56. Ra1 Rc6 57. Kb4 Rc4+ 58. Kb3 Kf5 59. Rxa6 Kg5 60. Rb6 Rc5 61. Kb4 Rf5 62. Rg6+ Kxh5 63. Rg1 Rg5 64. Rh1+ Kg6 65. Rh2 h5 66. Rh1 Rf5 67. Rg1+ Kf6 68. Rh1 Kg5 69. Rg1+ Kh4 70. Rh1+ Kg3 71. Rg1+ Kh2 72. Rg8 h4 73. Rg7 h3 74. Rg8 Kh1 75. Rg7 h2 76. Rg8 Rf1 77. Kxb5 Rg1 78. Rf8 Kg2 79. Rg8+ Kf3 80. Rf8+ Kg4 0-1

[Event "NED-ch U17"]
[Site "Venlo"]
[Date "2009.05.01"]
[Round "8"]
[White "Wiegers, Kasper"]
[Black "Swinkels, Maurice"]
[Result "1/2-1/2"]
[WhiteElo "1518"]
[BlackElo "1972"]
[PlyCount "46"]
[EventDate "2009.04.24"]
[EventType "swiss"]
[EventRounds "9"]
[EventCountry "NED"]
[SourceTitle "EXT 2013"]
[Source "ChessBase"]
[SourceDate "2012.11.22"]
[SourceVersion "1"]
[SourceVersionDate "2012.11.22"]
[SourceQuality "1"]

1. e4 c5 2. d4 cxd4 3. c3 Nf6 4. e5 Nd5 5. Nf3 e6 6. cxd4 d6 7. Nc3 Nc6 8. Bd3 Be7 9. 0-0 a6 10. Qe2 b5 11. Qe4 Bb7 12. Qg4 g6 13. Nxd5 exd5 14. Re1 Bc8 15. Qg3 Be6 16. Bf4 dxe5 17. Nxe5 Nxd4 18. Nxf7 Kxf7 19. Bc7 Qd7 20. Qf4+ Nf5 21. g4 g5 22. Qf3 Qxc7 23. gxf5 Bd7 1/2-1/2

[Event "NED-ch U17"]
[Site "Venlo"]
[Date "2009.04.27"]
[Round "4"]
[White "Swinkels, Maurice"]
[Black "Laan, Kart"]
[Result "1-0"]
[WhiteElo "1972"]
[BlackElo "1615"]
[PlyCount "73"]
[EventDate "2009.04.24"]
[EventType "swiss"]
[EventRounds "9"]
[EventCountry "NED"]
[SourceTitle "EXT 2013"]
[Source "ChessBase"]
[SourceDate "2012.11.22"]
[SourceVersion "1"]
[SourceVersionDate "2012.11.22"]
[SourceQuality "1"]

1. e4 e6 2. d4 d5 3. Nc3 Nf6 4. Bg5 h6 5. Bxf6 Qxf6 6. exd5 Bb4 7. dxe6 Bxe6 8. Nf3 0-0 9. Be2 Nc6 10. 0-0 Rad8 11. Ne4 Qg6 12. Ng3 Rd7 13. c3 Be7 14. Bd3 f5 15. Re1 Qf7 16. Qe2 Rd6 17. Rad1 Bc8 18. Bc4 Rd5 19. Ne5 Nxe5 20. Bxd5 Qxd5 21. Qxe5 Qxe5 22. dxe5 f4 23. Ne2 f3 24. gxf3 Rxf3 25. Nd4 Rf8 26. e6 c5 27. Nb5 b6 28. Nd6 Ba6 29. Ne4 Rf4 30. Rd7 Kf8 31. Rxa7 Bb5 32. Ra8+ Bd8 33. Rxd8+ Ke7 34. Rdd1 h5 35. Ng3 h4 36. Re4 Rf6 37. Rxh4 1-0

[Event "NED-ch U17"]
[Site "Venlo"]
[Date "2008.04.25"]
[Round "1"]
[White "Swinkels, Maurice"]
[Black "Haast, Anne"]
[Result "0-1"]
[WhiteElo "1808"]
[BlackElo "2027"]
[PlyCount "106"]
[EventDate "2008.04.25"]
[EventType "swiss"]
[EventRounds "9"]
[EventCountry "NED"]
[SourceTitle "CBM 123 Extra"]
[Source "ChessBase"]
[SourceDate "2008.05.06"]
[SourceVersion "1"]
[SourceVersionDate "2008.05.06"]
[SourceQuality "1"]

1. e4 e5 2. Nf3 Nc6 3. d4 exd4 4. Nxd4 Nf6 5. Nc3 Bb4 6. Nxc6 bxc6 7. Bd3 0-0 8. 0-0 d5 9. exd5 cxd5 10. Bg5 Be6 11. Qf3 Be7 12. Ne2 c5 13. Ng3 h6 14. Bf4 Qd7 15. Be5 Bg4 16. Qf4 g5 17. Qd2 c4 18. Be2 Bxe2 19. Qxe2 Rfe8 20. Qd2 Rad8 21. Rad1 Qe6 22. f4 Ne4 23. Qe1 Bc5+ 24. Kh1 gxf4 25. Bxf4 Nf2+ 26. Rxf2 Qxe1+ 27. Rxe1 Bxf2 28. Rc1 Bxg3 29. hxg3 d4 30. Bxh6 Re2 31. b3 d3 32. cxd3 cxd3 33. Rd1 Rxa2 34. b4 Kh7 35. Bd2 Kg6 36. g4 Rc8 37. Be3 Rc3 38. Kh2 d2 39. Rxd2 Rxd2 40. Bxd2 Rc2 41. Be1 Rb2 42. Kh3 Re2 43. Bg3 Re3 44. Kh4 a6 45. Bd6 f6 46. Bf4 Re4 47. Bd6 f5 48. Kg3 Rxg4+ 49. Kf3 Re4 50. g3 Kf7 51. Bc5 Ke6 52. Bf8 Kd5 53. Bc5 a5 0-1

[Event "NED-ch U15"]
[Site "Venlo"]
[Date "2007.05.02"]
[Round "4"]
[White "Hortensius, Mart"]
[Black "Swinkels, Maurice"]
[Result "0-1"]
[WhiteElo "1509"]
[BlackElo "1798"]
[PlyCount "48"]
[EventDate "2007.04.30"]
[EventType "swiss"]
[EventRounds "9"]
[EventCountry "NED"]
[SourceTitle "EXT 2009"]
[Source "ChessBase"]
[SourceDate "2008.11.26"]
[SourceVersion "1"]
[SourceVersionDate "2008.11.26"]
[SourceQuality "1"]

1. e4 c5 2. Nc3 d6 3. Nf3 Nf6 4. d4 cxd4 5. Nxd4 Nc6 6. Bg5 e6 7. Qd2 Be7 8. 0-0-0 0-0 9. Ndb5 Qa5 10. Nxd6 Rd8 11. Ncb5 Qxa2 12. Qe3 Nxe4 13. Qxe4 Bxg5+ 14. f4 Be7 15. c3 Na5 16. g4 a6 17. Nc7 Bxd6 18. Bd3 Bxc7 19. Qxh7+ Kf8 20. Qh8+ Ke7 21. Qxg7 Bxf4+ 22. Kc2 Qb3+ 23. Kb1 Nc4 24. Rd2 Nxd2+ 0-1

[Event "NED-ch U15"]
[Site "Venlo"]
[Date "2007.05.01"]
[Round "2"]
[White "Swinkels, Maurice"]
[Black "Pijpers, Arthur"]
[Result "0-1"]
[WhiteElo "1798"]
[BlackElo "1915"]
[PlyCount "58"]
[EventDate "2007.04.30"]
[EventType "swiss"]
[EventRounds "9"]
[EventCountry "NED"]
[SourceTitle "EXT 2009"]
[Source "ChessBase"]
[SourceDate "2008.11.26"]
[SourceVersion "1"]
[SourceVersionDate "2008.11.26"]
[SourceQuality "1"]

1. e4 c5 2. Nf3 d6 3. d4 cxd4 4. Nxd4 Nf6 5. Nc3 a6 6. Bg5 e6 7. f4 b5 8. e5 dxe5 9. fxe5 Qc7 10. exf6 Qe5+ 11. Be2 Qxg5 12. 0-0 Qe5 13. Bf3 Ra7 14. Re1 Qxf6 15. Ne4 Qd8 16. a4 Rd7 17. c3 b4 18. Qe2 Be7 19. Bg4 Rd5 20. Nc2 f5 21. c4 Re5 22. Qf3 fxg4 23. Qg3 Nc6 24. Rad1 Qb6+ 25. Kh1 0-0 26. Qxg4 b3 27. Ne3 Ra5 28. Nd6 Bxd6 29. Rxd6 Qxe3 0-1

[Event "NED-ch U13"]
[Site "Rijswijk"]
[Date "2005.05.06"]
[Round "4"]
[White "Swinkels, Maurice"]
[Black "Ten Hertog, Hugo"]
[Result "0-1"]
[WhiteElo "1741"]
[BlackElo "1720"]
[PlyCount "114"]
[EventDate "2005.05.05"]
[EventType "swiss"]
[EventRounds "9"]
[EventCountry "NED"]
[SourceTitle "EXT 2013"]
[Source "ChessBase"]
[SourceDate "2012.11.22"]
[SourceVersion "1"]
[SourceVersionDate "2012.11.22"]
[SourceQuality "1"]

1. e4 c5 2. Nf3 Nc6 3. d4 cxd4 4. Nxd4 Nf6 5. Nc3 e5 6. Ndb5 d6 7. Nd5 Nxd5 8. exd5 Nb8 9. c4 a6 10. Nc3 Bf5 11. Be2 Nd7 12. 0-0 Bg6 13. f4 f5 14. Bh5 Bxh5 15. Qxh5+ g6 16. Qh3 Bg7 17. fxe5 Nxe5 18. Bh6 0-0 19. Bxg7 Kxg7 20. b3 Qc7 21. Ne2 Qb6+ 22. Kh1 Rae8 23. Nf4 Ng4 24. Qc3+ Kg8 25. Qb2 Re5 26. Ne6 Rf7 27. Qd4 Qxd4 28. Nxd4 Rfe7 29. Ne6 Kf7 30. Rae1 Nf2+ 31. Kg1 Ne4 32. Rxe4 Rxe4 33. Ng5+ Kf6 34. Nxe4+ Rxe4 35. Kf2 Rf4+ 36. Ke2 Rxf1 37. Kxf1 Ke5 38. Ke2 Kd4 39. Kd2 g5 40. Ke2 Kc3 41. Ke3 a5 42. h3 b6 43. Ke2 a4 44. Ke3 axb3 45. axb3 Kxb3 46. Kd3 Kb4 47. Kd4 h6 48. Kd3 Kc5 49. Kc3 h5 50. Kd3 g4 51. hxg4 hxg4 52. g3 f4 53. gxf4 g3 54. Ke3 Kxc4 55. f5 Kxd5 56. f6 Ke6 57. f7 Kxf7 0-1

[Event "NED-ch U13"]
[Site "Rijswijk"]
[Date "2005.05.05"]
[Round "1"]
[White "Sedee, Wouter"]
[Black "Swinkels, Maurice"]
[Result "0-1"]
[WhiteElo "1485"]
[BlackElo "1741"]
[PlyCount "120"]
[EventDate "2005.05.05"]
[EventType "swiss"]
[EventRounds "9"]
[EventCountry "NED"]
[SourceTitle "EXT 2013"]
[Source "ChessBase"]
[SourceDate "2012.11.22"]
[SourceVersion "1"]
[SourceVersionDate "2012.11.22"]
[SourceQuality "1"]

1. e4 e5 2. Nf3 Nc6 3. Bb5 a6 4. Ba4 Nf6 5. d3 b5 6. Bb3 Bc5 7. 0-0 d6 8. Bg5 Bg4 9. Bd5 Qd7 10. Bxf6 gxf6 11. c3 Rd8 12. Nbd2 Ne7 13. Bb3 Rg8 14. Re1 Ng6 15. Qc2 Bxf3 16. Nxf3 Nf4 17. Nh4 Qh3 18. g3 Qxh4 19. Kh1 Qg4 20. Qd1 Qxd1 21. Raxd1 Nh3 22. Kg2 Nxf2 23. Rd2 Ng4 24. Rde2 c6 25. h3 Nh6 26. Rf1 Ke7 27. Kh2 Rg5 28. Rg2 Rf8 29. g4 Be3 30. Kh1 Rfg8 31. Bd1 Bf4 32. Bf3 Ke6 33. Rd1 d5 34. b3 R8g7 35. c4 d4 36. Rb1 b4 37. Ra1 Rg8 38. Be2 Kd6 39. a4 c5 40. Rf1 f5 41. exf5 Nxf5 42. h4 Nxh4 43. Rgg1 f5 44. gxf5 Rxg1+ 45. Rxg1 Rxg1+ 46. Kxg1 Nxf5 47. Kf2 a5 48. Bf3 h6 49. Kg2 Ne3+ 50. Kf2 Ke6 51. Bh5 Kf5 52. Bf3 Kg5 53. Kg1 Bg3 54. Bg2 h5 55. Bf3 h4 56. Be2 h3 57. Kh1 Ng4 58. Kg1 h2+ 59. Kg2 Nf2 60. Bf3 h1Q+ 0-1